=LDR 00000nam 2200000 4500 =001 INLIS000000000048248 =005 20180312093137 =035 ##$$a 0010-101600000000006 =008 180312###########################0###### =082 ##$$a 2x3.1-Suj-a =100 ##$$a Drs. Dja'far Soedjarwo =245 1#$$a AL Janibul Illahi =260 ##$$a Surabaya :$b Al-Ikhlas,$c 1993 =300 ##$$a xv,410 Hlm ; $c 22 Cm =850 ##$$a BPAP =084 ##$$a 2x3.1-Suj-a DRS a =990 ##$$a 56785678 =990 ##$$a 00092673